Départements français en 30 secondes - Statistiques

Statistiques générales
  • Ce quiz a été pris 91 fois
  • Le résultat moyen est 14 sur 101
Réponses sur la Carte
Les réponses sont colorées sur une échelle allant du rouge au vert en fonction du pourcentage des utilisateurs qui les ont devinées à leur premier essai. Vous pouvez retrouver ces pourcentages ci-dessous.
 
Statistiques - réponses
Départements % Correct
1 Ain
52%
59 Nord
50%
75 Paris
50%
2 Aisne
48%
83 Var
47%
42 Loire
45%
29 Finistère
37%
60 Oise
35%
3 Allier
33%
27 Eure
32%
50 Manche
32%
61 Orne
32%
80 Somme
30%
11 Aude
27%
67 Bas-Rhin
27%
14 Calvados
27%
62 Pas-de-Calais
27%
69 Rhône (et métropole de Lyon)
27%
10 Aube
25%
45 Loiret
25%
46 Lot
25%
84 Vaucluse
25%
30 Gard
23%
68 Haut-Rhin
22%
36 Indre
22%
51 Marne
22%
55 Meuse
20%
56 Morbihan
20%
73 Savoie
20%
32 Gers
18%
34 Hérault
18%
81 Tarn
18%
9 Ariège
17%
25 Doubs
17%
33 Gironde
17%
22 Côtes-d'Armor
15%
39 Jura
15%
41 Loir-et-Cher
15%
6 Alpes-Maritimes
13%
8 Ardennes
13%
18 Cher
13%
52 Haute-Marne
13%
38 Isère
13%
76 Seine-Maritime
12%
85 Vendée
12%
7 Ardèche
10%
21 Côte-d'Or
10%
26 Drôme
10%
28 Eure-et-Loir
10%
35 Ille-et-Vilaine
10%
40 Landes
10%
86 Vienne
10%
4 Alpes-de-Haute-Provence
8%
13 Bouches-du-Rhône
8%
2A Corse-du-Sud
8%
23 Creuse
8%
24 Dordogne
8%
2B Haute-Corse
8%
5 Hautes-Alpes
8%
74 Haute-Savoie
8%
57 Moselle
8%
72 Sarthe
8%
78 Yvelines
8%
15 Cantal
7%
19 Corrèze
7%
91 Essonne
7%
973 Guyane
7%
43 Haute-Loire
7%
58 Nièvre
7%
95 Val-d'Oise
7%
12 Aveyron
5%
37 Indre-et-Loire
5%
48 Lozère
5%
49 Maine-et-Loire
5%
53 Mayenne
5%
88 Vosges
5%
89 Yonne
5%
79 Deux-Sèvres
3%
70 Haute-Saône
3%
87 Haute-Vienne
3%
92 Hauts-de-Seine
3%
974 La Réunion
3%
44 Loire-Atlantique
3%
972 Martinique
3%
976 Mayotte
3%
54 Meurthe-et-Moselle
3%
77 Seine-et-Marne
3%
94 Val-de-Marne
3%
16 Charente
2%
17 Charente-Maritime
2%
31 Haute-Garonne
2%
65 Hautes-Pyrénées
2%
71 Saône-et-Loire
2%
93 Seine-Saint-Denis
2%
82 Tarn-et-Garonne
2%
90 Territoire de Belfort
2%
971 Guadeloupe
0%
47 Lot-et-Garonne
0%
63 Puy-de-Dôme
0%
64 Pyrénées-Atlantiques
0%
66 Pyrénées-Orientales
0%
Aucun quiz correspondant
Distribution des résultats
% des personnes avec chaque résultat
Percentile par nombre de réponses
Votre historique - résultats
Vous n’avez pas pris ce quiz